東京都国分寺市の町名 - Statistics

General Stats
  • This quiz has been taken 27 times
  • The average score is 9 of 19
Answer Stats
Answer % Correct
本多
74%
本町
74%
光町
70%
南町
65%
西町
61%
泉町
61%
西恋ケ窪
52%
東恋ケ窪
52%
西元町
52%
東元町
52%
高木町
48%
北町
48%
戸倉
35%
日吉町
35%
東戸倉
30%
内藤
30%
富士本
26%
並木町
26%
新町
26%
No matching quizzes found
Score Distribution
Percent of People with Each Score
Percentile by Number Answered
Your Score History
You have not taken this quiz